Finančná analýza vybraného podniku bakalárska práca

Salvato in:
Dettagli Bibliografici
Autore principale: Jelačič, Matej
Ente Autore: Fakulta podnikového manažmentu EU. Katedra podnikových financií
Altri autori: Tóthová, Alena, 1968-
Natura: Libro
Lingua:slovacco
Pubblicazione: Bratislava 2010
Tags: Aggiungi Tag
Nessun Tag, puoi essere il primo ad aggiungerne!!

MARC

LEADER 00000nbm a2200000 4500
001 0133345
005 20161109111520.7
041 0 |a slo 
044 |a SK 
245 1 0 |a Finančná analýza vybraného podniku  |b bakalárska práca  |c Matej Jelačič ; školiteľ: Alena Tóthová 
264 1 |a Bratislava  |c 2010 
300 |a 44 s. 
100 1 |a Jelačič, Matej 
700 1 |a Tóthová, Alena, 1968- 
710 2 |a Fakulta podnikového manažmentu EU. Katedra podnikových financií